000 00661nam a2200241Ia 4500
003 OSt
005 20220918195355.0
006 a|||||r|||| 00| 0
007 ta
008 220917b |||||||| |||| 00| 0 eng d
024 _a84,785
037 _cTextual
040 _aARTS
_cARTS
_beng
041 _2eng
_aeng
082 _aSN1:172-4:86, L9
100 _aDavidson Robert S. Ed.
_990178
245 0 _aModification of pathological behavior
260 _aNew York
_bGarner Press
_c1979
300 _axii, 588p
_ccm.
650 _aPSYCHOLOGY
942 _hSN1:172-4:86, L9
_cTEXL
_2CC
999 _c208499
_d208499